Statistiques concernant Titre dans les paroles - Queen

Cliquez ici pour prendre le quiz!

Statistiques générales

  • Ce quiz a été pris 452 fois
  • Le résultat moyen est 5 sur 10

Statistiques - réponses

Musique% Correct
{We} {Are} {The} {Champions} / My friends / And we'll keep on fighting 'til the end
91%
{Don}'{t} {Stop} {Me} {Now} / If you wanna have a good time / Just give me a call
72%
All we hear is {Radio} {Ga} {Ga}
62%
{The} {Show} {Must} {Go} {On} / Inside my heart is breaking / My make-up may be flaking but my smile / Still stays on
57%
Out of the doorway the bullets rip / To the sound of the beat / {Another} {One} {Bites} {The} {Dust} / {Another} {One} {Bites} {The} {Dust}
53%
{I} {Want} {To} {Break} {Free} from your lies / You're so self satisfied I don't need you
47%
One dream / One soul / One prize / One goal / One golden glance / Of what should be / It's {A} {Kind} {Of} {Magic}
32%
Are you gonna let it all hang out ? / {Fat} {Bottomed} {Girls} you make the rocking world go round
26%
One heart / One soul / Just one solution / One flash / Of light yeah / One God {One} {Vision}
24%
Take a back seat / Hitch-hike / And take a long ride on my motorbike / Until I'm ready / {Crazy} {Little} {Thing} {Called} {Love}
16%

Distribution des résultats

Percentile par nombre de réponses

% des personnes avec chaque résultat

Votre développement - résultats

Vous n’avez pas pris ce quiz